000 00543nam a2200181 i 4500
001 36444
003 ES-MaACL
005 20230906155353.0
007 t|
008 030218s1981 sp ||||1| spa d
100 1 _aBujanda Jaúregui, María Paz.
_932481
245 1 0 _aTendencias actuales en la enseñanza de la matemática... /
_cM.P. Bujanda Jaúregui.
260 _aMadrid :
_bSM,
_c[1981]
300 _a157 p. :
_bil. ;
_c25 cm.
700 1 _aAbellanas, Pedro,
_918071
852 _aES-MaACL
_jL-1345
_bR.102287
999 _c36444
_d36444